कटा हुआ आसमान / (Record no. 113427)

MARC details
000 -LEADER
fixed length control field 01169nam a22002777a 4500
003 - CONTROL NUMBER IDENTIFIER
control field dpl
005 - DATE AND TIME OF LATEST TRANSACTION
control field 20181206145314.0
008 - FIXED-LENGTH DATA ELEMENTS--GENERAL INFORMATION
fixed length control field 181206b ||||| |||| 00| 0 eng d
010 ## - LIBRARY OF CONGRESS CONTROL NUMBER
LC control number B-016526
020 ## - INTERNATIONAL STANDARD BOOK NUMBER
Terms of availability 195.00
International Standard Book Number 8171194559
035 ## - SYSTEM CONTROL NUMBER
System control number B-016526, B-016540
037 ## - SOURCE OF ACQUISITION
Source of stock number/acquisition Cen Lib/Ret
040 ## - CATALOGING SOURCE
Original cataloging agency DPL
Language of cataloging HN
Transcribing agency 0
082 ## - DEWEY DECIMAL CLASSIFICATION NUMBER
Classification number
Item number दीक्षित
100 ## - MAIN ENTRY--PERSONAL NAME
Personal name दीक्षित, जगदंबाप्रसाद
9 (RLIN) 52191
245 ## - TITLE STATEMENT
Title कटा हुआ आसमान /
Statement of responsibility, etc जगदंबाप्रसाद दीक्षित
246 ## - VARYING FORM OF TITLE
Title proper/short title Kata hua aasman /
Remainder of title by Jagdamba Prasad Dikshit
260 ## - PUBLICATION, DISTRIBUTION, ETC. (IMPRINT)
Place of publication, distribution, etc नयी दिल्ली
Name of publisher, distributor, etc राधाकृष्णा प्रकाशन
Date of publication, distribution, etc 1971
270 ## - ADDRESS
Address 2/38, अंसारी मार्ग, दरिया गंज
City नयी दिल्ली
Postal code 110002
300 ## - PHYSICAL DESCRIPTION
Extent 179पृ.
Dimensions 21सेमी (सजिल्द)
650 ## - SUBJECT ADDED ENTRY--TOPICAL TERM
Topical term or geographic name as entry element हिन्दी साहित्य
9 (RLIN) 52192
650 ## - SUBJECT ADDED ENTRY--TOPICAL TERM
Topical term or geographic name as entry element हिन्दी उपन्यास
9 (RLIN) 52193
650 ## - SUBJECT ADDED ENTRY--TOPICAL TERM
Topical term or geographic name as entry element Hindi literature
9 (RLIN) 52194
650 ## - SUBJECT ADDED ENTRY--TOPICAL TERM
Topical term or geographic name as entry element Hindi novel
9 (RLIN) 52195
942 ## - ADDED ENTRY ELEMENTS (KOHA)
Source of classification or shelving scheme Dewey Decimal Classification
Koha item type Hindi Books
Classification part
Call number suffix दीक्षित
Holdings
Withdrawn status Lost status Damaged status Not for loan Home library Current library Date acquired Source of acquisition Cost, normal purchase price Total Checkouts Full call number Barcode Date last seen Copy number Cost, replacement price Price effective from Koha item type Source of classification or shelving scheme Collection code Total Renewals Date checked out
        Central Library Central Library 12/08/2015 Cen Lib/Ret 195.00   उ दीक्षित B-016526 12/08/2015 1 195.00 12/08/2015 Hindi Books        
        Shahdara Branch Shahdara Branch 06/12/2018 BPPD/PUB 195.00   उ दीक्षित B-016540 06/12/2018   195.00 06/12/2018 Hindi Books Dewey Decimal Classification Fiction    
        Yojana Vihar Yojana Vihar 17/10/2019 BPPD/PUB 195.00 5 उ दीक्षित B-16541 19/04/2025   195.00 17/10/2019 Hindi Books Dewey Decimal Classification Fiction 2 04/04/2025

© Delhi Public Library
Hit Counter
free hit counter